F1 2025 Endergebnisse - Statistiken

Allgemein
  • Dieses Quiz wurde 94 mal gespielt
  • Das Durchschnittsergebnis liegt bei 12 aus 19
Antwortstatistiken
Fahrer % Korrekt
Verstappen
97%
Norris
96%
Piastri
91%
Leclerc
81%
Antonelli
77%
Hamilton
77%
Russell
77%
Albon
60%
Sainz
59%
hulkenberg
58%
Alonso
56%
Ocon
55%
Tsunoda
55%
Bearman
54%
Hadjar
54%
Gasly
53%
Stroll
50%
Lawson
49%
Bortoleto
47%
Keine übereinstimmenden Quizze gefunden
Verteilung der Resultate
Anzahl Personen mit jedem Resultat
Perzentil nach korrekt beantworteten Fragen
Ihre Resultats-Entwicklung
Sie haben dieses Quiz noch nicht gespielt